| 000 | 00897nam a2200289 i 4500 | ||
|---|---|---|---|
| 001 | bg | ||
| 245 | 0 | 0 |
_aPrzedsiębiorczość akademicka : _bstan, bariery i przesłanki rozwoju / _cred. nauk. Bogusław Plawgo. |
| 250 | _aWyd. 2. | ||
| 260 |
_aŁomża : _bPaństwowa Wyższa Szkoła Informatyki i Przedsiębiorczości, _c2011. |
||
| 300 |
_a144 s. : _bil. ; _c30 cm. |
||
| 490 | 1 |
_aRaporty, _v2011 |
|
| 504 | _aBibliogr. s. 139-140. | ||
| 650 | 9 |
_aPrzedsiębiorczość _xekonomika _zPolska _yod 1990 r. |
|
| 650 | 9 |
_aSzkolnictwo wyższe _zPolska _yod 1990 r. |
|
| 700 | 1 |
_aPlawgo, Bogusław. _eRed. |
|
| 830 | 0 |
_aRaporty - Fundacja BFKK _v2011 |
|
| 020 | _a9788360571170 | ||
| 040 | _cBPK | ||
| 041 | 0 | _apol | |
| 044 | _aPOL | ||
| 080 | _a005.342 | ||
| 080 | _a(438) | ||
| 080 | _a(047.36) | ||
| 920 | _a978-83-60571-17-0 | ||
| 942 | _cKS | ||
| 008 | 130116s pl a f |000 0 pol | ||
| 999 |
_c53875 _d53875 |
||
| 856 |
_uhttp://koha.tu.koszalin.pl/cgi-bin/koha/opac-detail.pl?biblionumber=53875 _yKatalog online BPK |
||